000 00320nam a2200133Ia 4500
999 _c6311
_d6311
020 _a8181479254
082 _a618.3
_23RD
_bJAM
100 _aK.K. James, P. J. Steer
245 0 _aHigh Risk Pregnancy
260 _bElsevier
_c2006
300 _a1791,xxv
_bill
_c26cm
650 _aHigh Risk Pregnancy
942 _cBK
_2ddc
_e3rd